00405nam a22000977a 4500008004100000082001800041245017700059260003700236300001000273710002400283230612b xxu||||| |||| 00| 0 eng d a352.4908bKEN aReport of The Cont The Appropriation Accounts, Other Public Accounts Details Excluding Accounts of the Funds of the Republic of Kenya for the 2007/2008cGovernment of Kenya aKenyabGovernment of Kenyac2008 a594 p bGovernment of Kenya